[Event "PESADELO"]
[Site "http://www.queenalice.com/game.php?id=734971"]
[Date "2010.2.20"]
[Round "-"]
[White "Scaracioli"]
[Black "Meirebel"]
[Result "0-1"]
[WhiteElo "1343"]
[BlackElo "2363"]

1. e4 e5 2. d4 exd4 3. Qxd4 Nc6 4. Qd3 Nf6 5. f3 Be7 6. Bg5 d6 7. Be2 h6 8. Nh3
hxg5 9. Nxg5 Nh5 10. Nh3 Bxh3 11. gxh3 Nf4 12. Qc3 Nxh3 13. Qxg7 Bf6 14. Qg2
Bxb2 15. a3 Bxa1 16. c3 Qg5 17. Qxg5 Nxg5 18. Kd2 O-O-O 19. Kc2 d5 20. Rd1 dxe4
21. f4 Rxd1 22. Bxd1 Rxh2+ 23. Kb3 Ne6 24. Bc2 Nxf4 25. Ka2 Bxc3 26. Kb3 Be5 27.
Bxe4 a5 28. Bf5+ Ne6 29. Bxe6+ fxe6 30. a4 Rb2+ 31. Ka3 Rxb1 32. Ka2 Rb4 33. Ka3
Bc3 34. Ka2 Nd4 35. Ka3 Nc2+ 36. Ka2 Rb2# 0-1

[Event "Challenge"]
[Site "http://www.queenalice.com/game.php?id=735008"]
[Date "2010.2.20"]
[Round "-"]
[White "aguascachondas"]
[Black "Meirebel"]
[Result "0-1"]
[WhiteElo "1361"]
[BlackElo "2362"]

1. e4 e5 2. Qf3 Nc6 3. Bb5 Nd4 4. Qd3 Qf6 5. f3 Bc5 6. c3 Nxb5 7. Qxb5 b6 8. Ne2
a5 9. Ng3 Ne7 10. Nh5 Qg5 11. Ng3 h5 12. h4 Qxg3+ 13. Kd1 Qxg2 14. Re1 Ba6 15.
Qa4 Qxf3+ 16. Kc2 Bf2 17. Re3 Bxe3 18. dxe3 Qe2+ 19. Bd2 Bd3+ 20. Kb3 b5 21. Qa3
Qd1# 0-1

[Event "Desafio #09"]
[Site "http://www.queenalice.com/game.php?id=735016"]
[Date "2010.2.20"]
[Round "-"]
[White "Aylton"]
[Black "Meirebel"]
[Result "0-1"]
[WhiteElo "2002"]
[BlackElo "2366"]

1. f4 d5 2. Nf3 Nc6 3. d3 Nf6 4. e3 Bg4 5. Be2 h6 6. h3 Bf5 7. g4 Bh7 8. O-O e6
9. Nc3 Be7 10. a3 O-O 11. Kg2 d4 12. exd4 Nxd4 13. Nxd4 Qxd4 14. Qe1 Bc5 15. b4
Bb6 16. Bb2 Nd5 17. Nxd5 Qxb2 18. Nxb6 cxb6 19. Qc1 Qc3 20. Kg3 Rac8 21. Ra2 Be4
22. Qb2 Bd5 23. Qxc3 Rxc3 24. Raa1 Rxc2 25. Rf2 Rd8 26. h4 b5 27. g5 f6 28. Bf1
Rc3 29. Kh2 Kf7 30. a4 bxa4 31. Rxa4 a6 32. Rb2 hxg5 33. hxg5 fxg5 34. fxg5 Rh8+
35. Kg3 Rh5 36. Kg4 Kg6 37. Kf4 Rc1 38. Be2 Rxg5 39. b5 axb5 0-1

[Event "Desafio #10"]
[Site "http://www.queenalice.com/game.php?id=735017"]
[Date "2010.2.20"]
[Round "-"]
[White "Meirebel"]
[Black "Aylton"]
[Result "1-0"]
[WhiteElo "2386"]
[BlackElo "1949"]

1. e4 e5 2. Nf3 Nc6 3. Bc4 Bc5 4. a3 d6 5. h3 h6 6. Nc3 a6 7. b4 Ba7 8. O-O Nf6
9. d3 O-O 10. Bb2 Be6 11. Bxe6 fxe6 12. Ne2 Qe7 13. c4 Rad8 14. b5 axb5 15. cxb5
Nb8 16. a4 b6 17. Qd2 Nbd7 18. Ba3 Nc5 19. Qc2 g5 20. Bxc5 bxc5 21. a5 Qd7 22.
Rfb1 Kg7 23. Ng3 Kg6 24. b6 cxb6 25. axb6 Bb8 26. b7 Rf7 27. Rb6 Qe8 28. Nf1
Rdd7 29. Qb3 Qe7 30. Ra8 Rf8 31. Ne3 Rdd8 32. Ra2 Nd7 33. Rb5 Bc7 34. h4 gxh4
35. Kh2 Nb8 36. Qd1 Rf4 37. Kg1 h5 38. Qe2 Rdf8 39. Kh2 Qf6 40. Ra8 Rxf3 41.
Qxf3 Qxf3 42. gxf3 Rxf3 43. Kg2 Rf4 44. Rb2 Kg5 45. Kh3 Rf3+ 46. Kh2 Rf8 47. Kg1
Kf4 48. Kh1 Kf3 49. Kh2 Kf4 50. Kh3 Kg5 51. Ra1 Rf3+ 52. Kg2 Rf8 53. Rg1 Rf4 54.
Kh2+ Kh6 55. Rg8 Rf7 56. Kh3 Rf4 57. Rb1 Rxf2 58. Rbg1 Rf7 59. Rh8+ Rh7 60. Re8
Rd7 61. Rxe6+ Kh7 62. Nf5 1-0

[Event "Challenge"]
[Site "http://www.queenalice.com/game.php?id=735146"]
[Date "2010.2.20"]
[Round "-"]
[White "bomfim"]
[Black "Meirebel"]
[Result "0-1"]
[WhiteElo "2129"]
[BlackElo "2367"]

1. c4 e5 2. Nc3 Nf6 3. g3 Bc5 4. Bg2 O-O 5. e3 Nc6 6. Nge2 d6 7. d4 Bb6 8. Na4
Ba5+ 9. Bd2 exd4 10. exd4 Re8 11. Bxa5 Nxa5 12. Qd3 Bg4 13. f3 Qd7 14. fxg4 Qxa4
15. O-O Qxc4 16. Qf5 Rxe2 17. Qxa5 Qxd4+ 18. Kh1 Nxg4 19. Qxc7 Nf2+ 20. Rxf2
Qxf2 0-1

[Event "Challenge"]
[Site "http://www.queenalice.com/game.php?id=735148"]
[Date "2010.2.20"]
[Round "-"]
[White "anmarton"]
[Black "Meirebel"]
[Result "0-1"]
[WhiteElo "1965"]
[BlackElo "2330"]

1. e3 e5 2. c4 Nf6 3. d4 exd4 4. exd4 d5 5. Nf3 Bb4+ 6. Bd2 Bxd2+ 7. Nbxd2 O-O
8. Be2 Nc6 9. O-O Qd6 10. c5 Qf4 11. Nb3 a6 12. Re1 Re8 13. a3 Bf5 14. Qd2 Qxd2
15. Nfxd2 Re7 16. f3 Rae8 17. Kf2 Re6 18. Bf1 g5 19. Rxe6 Rxe6 20. Re1 Nd7 21.
Rxe6 fxe6 22. Ke3 Kf7 23. Bd3 Bxd3 24. Kxd3 a5 25. Nc1 e5 26. a4 Nxd4 27. Ndb3
Nxb3 28. Nxb3 b6 29. cxb6 cxb6 30. Ke3 Nc5 31. Nc1 Nxa4 32. b3 Nc5 33. g3 d4+
0-1

[Event "Challenge"]
[Site "http://www.queenalice.com/game.php?id=735176"]
[Date "2010.2.20"]
[Round "-"]
[White "engues"]
[Black "Meirebel"]
[Result "0-1"]
[WhiteElo "1599"]
[BlackElo "2313"]

1. e4 e5 2. Nf3 Nf6 3. Nc3 Nc6 4. Bc4 Bc5 5. Ng5 O-O 6. O-O d6 7. h3 a6 8. d3 b5
9. Bd5 Nxd5 10. Nxd5 Ne7 11. Nxe7+ Qxe7 12. a3 f5 13. Bd2 h6 14. Nf3 fxe4 15.
dxe4 Qf7 16. Nh4 Bxf2+ 17. Kh1 Qc4 18. Qh5 Qxe4 19. Be1 Bxe1 20. Raxe1 Rxf1+ 21.
Rxf1 Be6 22. Ng6 Qxc2 23. Ne7+ Kh7 0-1

[Event "Challenge"]
[Site "http://www.queenalice.com/game.php?id=735178"]
[Date "2010.2.20"]
[Round "-"]
[White "Marivaldo"]
[Black "Meirebel"]
[Result "0-1"]
[WhiteElo "1853"]
[BlackElo "2402"]

1. d4 d5 2. Bf4 Nf6 3. e3 Nc6 4. Nc3 a6 5. a3 h6 6. Be2 g5 7. Bg3 Bg7 8. Nf3 Nh5
9. Ne5 Nxg3 10. Nxc6 Qd6 11. Nxe7 Nxh1 12. Nf5 Bxf5 13. Bf3 Qxh2 14. Ne2 c6 15.
Kd2 Nxf2 16. Qf1 Ne4+ 17. Bxe4 Bxe4 18. Qf2 Qxg2 19. Qxg2 Bxg2 20. Ng3 Bh3 21.
Nh5 O-O 22. Rh1 Bg4 23. Ng3 Rae8 24. Rg1 f5 25. Ne2 Bxe2 26. Kxe2 Bxd4 27. Kd3
Bxb2 28. a4 f4 29. exf4 Rxf4 30. Rxg5+ hxg5 31. c3 Rf3+ 32. Kd4 Rxc3 33. a5 Re4#
0-1

[Event "Challenge"]
[Site "http://www.queenalice.com/game.php?id=735179"]
[Date "2010.2.20"]
[Round "-"]
[White "Meirebel"]
[Black "Marivaldo"]
[Result "1-0"]
[WhiteElo "2401"]
[BlackElo "1855"]

1. e4 d5 2. exd5 Qxd5 3. Nc3 Qd8 4. Nf3 Bg4 5. d4 c6 6. Be2 e6 7. O-O Bd6 8. Ne4
Qc7 9. Nxd6+ Qxd6 10. Qd2 Nf6 11. Qf4 Qxf4 12. Bxf4 Nd5 13. Bg3 Bxf3 14. Bxf3
O-O 15. Rad1 Nd7 16. c4 N5b6 17. b3 Rfe8 18. Rfe1 Rac8 19. a4 a6 20. a5 Na8 21.
d5 exd5 22. Bg4 Rxe1+ 23. Rxe1 f5 24. Bxf5 Rd8 25. Be6+ Kf8 26. Bd6+ Ke8 27.
Bg8+ Ne5 28. c5 Rxd6 29. Rxe5+ Kf8 30. cxd6 Kxg8 31. d7 Kf7 32. d8=Q Kg6 33.
Qe8+ Kf6 34. Qe6# 1-0

[Event "trush"]
[Site "http://www.queenalice.com/game.php?id=740520"]
[Date "2010.3.3"]
[Round "3"]
[White "Givanildo"]
[Black "Meirebel"]
[Result "0-1"]
[WhiteElo "1456"]
[BlackElo "2398"]

1. e3 e5 2. Bc4 Nf6 3. f3 Bc5 4. d4 exd4 5. g4 O-O 6. e4 d5 7. g5 dxc4 8. gxf6
Qxf6 9. a3 d3 10. cxd3 Nc6 11. h4 Qd4 12. Qe2 cxd3 13. Qd2 Re8 14. Nc3 a6 15. f4
Na5 16. Nf3 Qc4 17. Ne5 Rxe5 18. fxe5 Nb3 19. Qf4 Nxa1 20. h5 Nc2+ 21. Kd2 Be3+
22. Qxe3 Nxe3 23. Kxe3 b5 24. Rd1 Bb7 25. e6 f6 26. e7 a5 27. Rxd3 Qc5+ 28. Kf3
Qxe7 29. Bf4 f5 30. Nd5 fxe4+ 31. Kg3 Bxd5 32. Rxd5 c6 33. Re5 Qd6 34. Re8+ Rxe8
35. Bxd6 e3 36. h6 g6 37. Kg2 e2 38. Bg3 Rf8 39. Be1 Rf1 40. b4 Rxe1 41. Kf2 Ra1
42. Kxe2 Rxa3 43. bxa5 c5 44. a6 c4 45. Kd2 g5 46. Kc2 g4 47. Kb2 b4 48. a7 g3
49. a8=Q+ Rxa8 50. Kc2 Ra3 51. Kb2 g2 52. Kc2 Ra2+ 53. Kb1 Rf2 54. Kc1 g1=R# 0-1

[Event "trush"]
[Site "http://www.queenalice.com/game.php?id=748413"]
[Date "2010.3.19"]
[Round "4"]
[White "Meirebel"]
[Black "fredpoa"]
[Result "1-0"]
[WhiteElo "2314"]
[BlackElo "1531"]

1. e4 e5 2. Nf3 Bc5 3. Bc4 d6 4. h3 Qf6 5. Nc3 c6 6. Na4 Qg6 7. Nxc5 dxc5 8. d3
Qxg2 9. Rg1 Qxh3 10. Bxf7+ Kxf7 11. Ng5+ Ke7 12. Nxh3 Bxh3 13. Rxg7+ Ke8 14.
Qh5+ Kd8 15. Bg5+ Ne7 16. Bxe7+ Kc7 17. Qxh3 1-0

[Event "Quero perder!"]
[Site "http://www.queenalice.com/game.php?id=751379"]
[Date "2010.3.25"]
[Round "-"]
[White "Magogue"]
[Black "Meirebel"]
[Result "0-1"]
[WhiteElo "1743"]
[BlackElo "2341"]

1. e4 e5 2. f4 Nc6 3. d3 d6 4. Nf3 Nf6 5. fxe5 dxe5 6. Nc3 Bb4 7. Bd2 Bc5 8. h3
O-O 9. a3 a5 10. Na4 Ba7 11. b4 Qd6 12. b5 Nd4 13. Nxd4 Qxd4 0-1

[Event "Quero perder de novo!"]
[Site "http://www.queenalice.com/game.php?id=751380"]
[Date "2010.3.25"]
[Round "-"]
[White "Meirebel"]
[Black "Magogue"]
[Result "1-0"]
[WhiteElo "2329"]
[BlackElo "1778"]

1. e4 e5 2. Nf3 Nc6 3. Nc3 Nf6 4. d4 exd4 5. Nxd4 Bb4 6. Bd3 Nxd4 7. e5 Qe7 8.
O-O Ng8 9. Nd5 Qc5 10. Nxb4 Qxb4 11. c3 Qc5 12. Be3 Qxe5 13. Bxd4 Qg5 14. Qf3
Ne7 15. Rae1 1-0

[Event "Challenge"]
[Site "http://www.queenalice.com/game.php?id=751653"]
[Date "2010.3.26"]
[Round "-"]
[White "Meirebel"]
[Black "Givanildo"]
[Result "1-0"]
[WhiteElo "2346"]
[BlackElo "1348"]

1. e4 e6 2. d4 d5 3. Nc3 c6 4. Bd3 Bb4 5. Ne2 Bxc3+ 6. Nxc3 dxe4 7. Bxe4 h6 8.
Be3 f5 9. Bd3 b5 10. Qh5+ Kd7 11. O-O-O b4 12. Na4 Ne7 13. Nc5+ Kc7 14. Bf4+ Kb6
15. Be3 Nd5 16. Na4+ Ka5 17. b3 Nc3 18. Nxc3 bxc3 19. d5 cxd5 20. Bd4 Qc7 21.
Qh3 Qf4+ 22. Qe3 Qd6 23. Bxc3+ Qb4 24. Qc5# 1-0

[Event "Challenge"]
[Site "http://www.queenalice.com/game.php?id=751654"]
[Date "2010.3.26"]
[Round "-"]
[White "Givanildo"]
[Black "Meirebel"]
[Result "1-0"]
[WhiteElo "1344"]
[BlackElo "2336"]

1. d4 d5 2. Bf4 Bf5 3. Nc3 Nf6 4. f3 h6 5. g4 Bh7 6. g5 hxg5 7. Bxg5 e6 8. e3
Be7 9. h4 Nh5 10. Rh3 Bxg5 11. hxg5 Qxg5 12. Kf2 Qg6 13. Bd3 f5 14. f4 Qg4 15.
Qxg4 fxg4 16. Rxh5 g6 17. Bxg6+ Bxg6 18. Rxh8+ Kf7 19. Kg3 c6 20. Kxg4 Bxc2 21.
Nf3 Kg7 22. Rah1 Bg6 23. Ne5 Bf5+ 24. Kg5 a5 25. a4 b6 26. Nxc6 Nxc6 27. Rxa8
Kf7 28. Rhh8 Ne7 29. Kh6 e5 30. Rhf8+ Ke6 31. dxe5 d4 32. Rf6+ Kd7 33. Ra7+ Ke8
34. Ra8+ Kd7 35. Rd6+ Kc7 36. Nb5+ Kb7 37. Ra7+ Kc8 38. Rc7+ Kb8 39. Rxe7 dxe3
40. Rxb6+ Kc8 41. Nd6+ Kd8 42. Rg7 e2 43. Rb8+ Bc8 44. Rxc8# 1-0

[Event "Konstan 2010"]
[Site "http://www.queenalice.com/game.php?id=752151"]
[Date "2010.3.26"]
[Round "1"]
[White "Richardlim"]
[Black "Meirebel"]
[Result "1/2-1/2"]
[WhiteElo "2257"]
[BlackElo "2357"]

1. e4 e5 2. Nf3 Nc6 3. Bb5 d6 4. d4 a6 5. Bxc6+ bxc6 6. dxe5 f5 7. exf5 Bxf5 8.
O-O Ne7 9. exd6 cxd6 10. Re1 Qd7 11. Bf4 O-O-O 12. Ng5 Nd5 13. Bd2 Nf6 14. Ba5
Re8 15. Na3 d5 16. Rxe8+ Nxe8 17. Qe2 Bxa3 18. Qxa6+ Qb7 19. Qxb7+ Kxb7 20. bxa3
Nd6 21. Rc1 c5 22. Be1 Ra8 23. Rb1+ Kc6 24. Nf3 Nc4 25. Bc3 Rxa3 26. Bxg7 Rxa2
27. h3 Rxc2 28. Re1 Ra2 29. g4 Bg6 30. h4 d4 31. Re7 Ra3 32. Kg2 Kd5 33. Ne5 Ra2
34. Nxg6 hxg6 35. h5 Ne3+ 36. Kf3 Nxg4 37. Kxg4 gxh5+ 38. Kf3 Ra3+ 1/2-1/2

[Event "Challenge"]
[Site "http://www.queenalice.com/game.php?id=754217"]
[Date "2010.3.31"]
[Round "-"]
[White "Meirebel"]
[Black "Gera"]
[Result "1-0"]
[WhiteElo "2356"]
[BlackElo "1928"]

1. e4 e5 2. Nf3 d6 3. d4 Bg4 4. Be2 Nd7 5. dxe5 Bxf3 6. Bxf3 Nxe5 7. Nd2 Nf6 8.
O-O Be7 9. b3 O-O 10. Bb2 Nfd7 11. Be2 a6 12. f4 Ng6 13. Bh5 Nc5 14. Qe2 Re8 15.
Rad1 c6 16. f5 Ne5 17. Nc4 Qc7 18. f6 Bxf6 19. Nxd6 Re6 20. Bxe5 Rxe5 21. Bxf7+
Kh8 22. Bc4 Ne6 23. Qg4 Qe7 24. Nxb7 Nc5 25. Nd6 Ne6 26. Rf5 Rd8 27. Rxe5 Bxe5
28. Nf7+ 1-0

[Event "Challenge"]
[Site "http://www.queenalice.com/game.php?id=754218"]
[Date "2010.3.31"]
[Round "-"]
[White "Gera"]
[Black "Meirebel"]
[Result "0-1"]
[WhiteElo "1926"]
[BlackElo "2354"]

1. d4 d5 2. c4 Nf6 3. e3 Bf5 4. Nc3 e6 5. Qb3 b6 6. Nf3 Bd6 7. cxd5 exd5 8. Bd2
c6 9. Be2 O-O 10. O-O Nbd7 11. Nh4 Ne4 12. Nxe4 Bxe4 13. Nf3 Qf6 14. Bc3 a5 15.
a4 Qg6 16. Bd2 Bc2 17. Qa2 Be7 18. b3 Bf5 19. Rac1 Bh3 20. g3 Bxf1 21. Bxf1 Qf5
22. Bg2 Rac8 23. Ne1 Nf6 24. Bc3 Ne4 25. Ba1 Rfe8 26. Qc2 c5 27. Bxe4 dxe4 28.
Qe2 cxd4 29. Rxc8 Rxc8 30. Bxd4 Bb4 31. Nc2 Qf3 32. Qxf3 exf3 0-1

[Event "Challenge"]
[Site "http://www.queenalice.com/game.php?id=754348"]
[Date "2010.3.31"]
[Round "-"]
[White "Meirebel"]
[Black "Givanildo"]
[Result "1-0"]
[WhiteElo "2317"]
[BlackElo "1366"]

1. d4 e6 2. e4 h6 3. Nf3 Nf6 4. Nc3 a6 5. a3 b5 6. Bd3 g5 7. h3 b4 8. Ne2 g4 9.
Ne5 d6 10. Nxg4 d5 11. Nxf6+ Qxf6 12. e5 Qe7 13. c3 a5 14. axb4 Ba6 15. bxa5
Bxd3 16. Qxd3 c6 17. a6 Ra7 18. b4 f5 19. b5 Qg7 20. O-O Be7 21. b6 Ra8 22. a7
Nd7 23. b7 Rd8 24. a8=Q Nb8 25. Nf4 Qf7 26. Qxb8 Rxb8 27. Ra8 O-O 28. Qa6 Rfd8
29. Ng6 Qxg6 30. Qxc6 Qg7 31. f3 Kh7 32. g4 fxg4 33. fxg4 h5 34. Qxe6 Rxa8 35.
bxa8=Q Rxa8 36. Rf7 Rg8 37. Qxe7 hxg4 38. Qh4+ Kg6 39. Rxg7+ Kxg7 40. hxg4 Rh8
41. Qf6+ Kg8 42. g5 Rh7 43. e6 Rh1+ 44. Kxh1 Kh7 45. g6+ Kg8 46. Qf7+ Kh8 47.
Qh7# 1-0

[Event "Challenge"]
[Site "http://www.queenalice.com/game.php?id=754349"]
[Date "2010.3.31"]
[Round "-"]
[White "Givanildo"]
[Black "Meirebel"]
[Result "0-1"]
[WhiteElo "1368"]
[BlackElo "2316"]

1. e4 e5 2. Bc4 Bc5 3. Qf3 Nf6 4. h3 Nc6 5. c3 a6 6. g4 h6 7. h4 Be7 8. b3 d6 9.
d3 Bxg4 10. Qg3 Qd7 11. f3 Be6 12. Qxg7 O-O-O 13. Bd5 Rdg8 14. Bxe6 Qxe6 15.
Qxh6 Rxh6 16. Bxh6 Nh5 17. Ne2 Rg2 18. Nd2 Qg6 19. Bg5 Bxg5 20. hxg5 Qxg5 21.
O-O-O Rxe2 22. f4 exf4 23. Rhg1 Qa5 24. Rg8+ Kd7 25. Nc4 Qxc3+ 26. Kb1 Qc2+ 27.
Ka1 Qxd1# 0-1

[Event "Challenge"]
[Site "http://www.queenalice.com/game.php?id=768273"]
[Date "2010.4.29"]
[Round "-"]
[White "Meirebel"]
[Black "Givanildo"]
[Result "1-0"]
[WhiteElo "2344"]
[BlackElo "1559"]

1. d4 d5 2. c4 dxc4 3. e4 b5 4. Nc3 c6 5. a4 b4 6. Na2 b3 7. Nb4 e6 8. Bxc4
Bxb4+ 9. Bd2 Be7 10. Bxb3 Qxd4 11. Qc2 e5 12. Nf3 Qd6 13. O-O-O h6 14. Bc3 f6
15. Rxd6 Bxd6 16. Rd1 Be7 17. Nh4 h5 18. Ng6 Rh6 19. Nxe7 Nxe7 20. Qd2 Nd7 21.
Be6 Nc5 22. Qd8# 1-0

[Event "BRASIL-FEMININO"]
[Site "http://www.queenalice.com/game.php?id=771834"]
[Date "2010.5.6"]
[Round "2"]
[White "Meirebel"]
[Black "julianeferreira"]
[Result "1-0"]
[WhiteElo "2354"]
[BlackElo "1946"]

1. e4 c5 2. Nf3 e6 3. Nc3 Be7 4. d4 cxd4 5. Nxd4 d6 6. Bc4 Nf6 7. h3 O-O 8. O-O
e5 9. Nf3 Nc6 10. Qe2 Bd7 11. Be3 a6 12. Rfd1 1-0

[Event "BRASIL-FEMININO"]
[Site "http://www.queenalice.com/game.php?id=805929"]
[Date "2010.7.20"]
[Round "3"]
[White "Franzita"]
[Black "Meirebel"]
[Result "0-1"]
[WhiteElo "1382"]
[BlackElo "2328"]

1. e4 e5 2. d3 f5 3. Nc3 Bb4 4. Bd2 Nf6 5. Nf3 Nc6 6. Be2 d6 7. O-O Be6 8. a3
Bxc3 9. Bxc3 fxe4 10. dxe4 Nxe4 11. Qd3 Nxc3 0-1